000 00678nam a2200229Ia 4500
003 OSt
005 20221006165629.0
006 a|||||r|||| 00| 0
007 ta
008 221006b |||||||| |||| 00| 0 eng d
024 _a2,176
037 _cTextual
040 _aFML
_cFML
_beng
041 _2eng
_aeng
082 _aP111:4k, 152J5
100 _aRaghuvira Au.
_9605840
245 0 _aComprehensive English Hindi Dictonary of Govermental and Education Words and Phrases
260 _aNagpur
_bInternational Acadmey of Indian Culture
_c1955
300 _a1578
_ccm.
942 _hP111:4k, 152J5
_cTEXL
_2CC
999 _c1121514
_d1121514